Jusqu'où irez vous ? #38 (Complétez les noms des Actrices) - Statistiques

Statistiques générales
  • Ce quiz a été pris 91 fois
  • Le résultat moyen est 43 sur 200
Statistiques - réponses
Hint Réponse % Correct
Natalie Portm_ _ an
100%
Angelina Jol_ _ ie
100%
Scarlett Johanss_ _ on
100%
Jennifer Lawren_ _ ce
99%
Emma Wats_ _ on
99%
Anne Hathaw_ _ ay
97%
Julia Rober_ _ ts
96%
Nicole Kidm_ _ an
94%
Charlize Ther_ _ on
84%
Sandra Bullo_ _ ck
79%
Emma Sto_ _ ne
79%
Jennifer Anist_ _ on
79%
Pamela Anders_ _ on
79%
Uma Thurm_ _ an
77%
Monica Belluc_ _ ci
77%
Cate Blanche_ _ tt
77%
Penélope Cr_ _ uz
77%
Jodie Fost_ _ er
76%
Sharon Sto_ _ ne
76%
Demi Moo_ _ re
76%
Winona Ryd_ _ er
74%
Kristen Stewa_ _ rt
74%
Courteney C_ _ ox
73%
Salma Hay_ _ ek
66%
Margot Robb_ _ ie
54%
Lisa Kudr_ _ ow
54%
Sigourney Weav_ _ er
50%
Zenda_ _ ya
50%
Gal Gad_ _ ot
49%
Rachel McAda_ _ ms
46%
Ellen Pomp_ _ eo
43%
Meryl Stre_ _ ep
43%
Emilia Clar_ _ ke
39%
Kaley Cuo_ _ co
30%
Amy Ada_ _ ms
29%
Sarah Jessica Park_ _ er
26%
Elle Fanni_ _ ng
26%
Dakota Johns_ _ on
26%
Millie Bobby Bro_ _ wn
26%
Sophie Marce_ _ au
24%
Eva Gre_ _ en
24%
Jenna Orte_ _ ga
24%
Juliette Binoc_ _ he
24%
Camille Cott_ _ in
24%
Isabelle Adja_ _ ni
24%
Mélanie Laure_ _ nt
24%
Adèle Exarchopoul_ _ os
24%
Audrey Taut_ _ ou
24%
Virginie Efi_ _ ra
24%
Marion Cotilla_ _ rd
24%
Isabelle Huppe_ _ rt
24%
Laetitia Cas_ _ ta
24%
Leïla Bekh_ _ ti
24%
Léa Seydo_ _ ux
24%
Catherine Deneu_ _ ve
24%
Cécile de Fran_ _ ce
23%
Valérie Lemerci_ _ er
23%
Mathilde Seign_ _ er
23%
Carole Bouqu_ _ et
23%
Julie Gay_ _ et
23%
Géraldine Nakac_ _ he
23%
Sandrine Kiberla_ _ in
23%
Bérénice Be_ _ jo
23%
Josiane Balas_ _ ko
23%
Alexandra La_ _ my
23%
Loua_ _ ne
23%
Fanny Arda_ _ nt
23%
Miou-Mi_ _ ou
23%
Charlotte Gainsbou_ _ rg
23%
Emmanuelle Béa_ _ rt
23%
Elsa Zylberste_ _ in
21%
Mélanie Dout_ _ ey
19%
Keira Knightl_ _ ey
19%
Karin Via_ _ rd
19%
Sydney Sween_ _ ey
16%
Florence Pu_ _ gh
16%
Jessica Chasta_ _ in
16%
Anya Taylor-J_ _ oy
16%
Rooney Ma_ _ ra
16%
Halle Ber_ _ ry
16%
Kirsten Dun_ _ st
16%
Jeanne More_ _ au
14%
Cameron Di_ _ az
14%
Elizabeth Ols_ _ en
14%
Romy Schneid_ _ er
14%
Helena Bonham Cart_ _ er
14%
Simone Signor_ _ et
14%
Julie Depardi_ _ eu
14%
Mila Kun_ _ is
14%
Zoe Salda_ _ na
14%
Camélia Jorda_ _ na
14%
Emily Blu_ _ nt
14%
Reese Witherspo_ _ on
14%
Brigitte Bard_ _ ot
14%
Drew Barrymo_ _ re
14%
Adèle Haen_ _ el
13%
Virginie Ledoy_ _ en
13%
Natalie Dorm_ _ er
13%
Sara Foresti_ _ er
13%
Anaïs Demousti_ _ er
13%
Marina Fo_ _ ïs
13%
Rosamund Pi_ _ ke
13%
Michelle Willia_ _ ms
13%
Glenn Clo_ _ se
13%
Clémence Poé_ _ sy
13%
Rachel Wei_ _ sz
13%
Naomi Wat_ _ ts
13%
Chloë Grace More_ _ tz
13%
Amanda Seyfri_ _ ed
11%
Margaret Quall_ _ ey
11%
Alison Br_ _ ie
11%
Kristen Be_ _ ll
11%
Lily Colli_ _ ns
11%
Anna Kendri_ _ ck
10%
Anouk Aim_ _ ée
10%
Déborah Franço_ _ is
10%
Gillian Anders_ _ on
10%
Isabelle Car_ _
10%
Arlet_ _ ty
10%
Olivia Coo_ _ ke
9%
Pauline Etien_ _ ne
9%
Brie Lars_ _ on
9%
Michèle Morg_ _ an
7%
Doria Tilli_ _ er
7%
Felicity Jon_ _ es
7%
Lily Jam_ _ es
7%
Geena Dav_ _ is
7%
Mackenzie Dav_ _ is
7%
Viola Dav_ _ is
7%
Lucy L_ _ iu
7%
Elsa Pata_ _ ky
7%
Evan Rachel Wo_ _ od
7%
Michelle Ye_ _ oh
7%
Rebecca Fergus_ _ on
7%
Asia Argen_ _ to
7%
Olivia Colm_ _ an
4%
Carey Mullig_ _ an
4%
Zoe Kaz_ _ an
4%
Vanessa Kir_ _ by
4%
Nathalie Emmanu_ _ el
4%
Octavia Spenc_ _ er
4%
Phoebe Waller-Brid_ _ ge
4%
Hailee Steinfe_ _ ld
4%
Regina Ki_ _ ng
4%
Tilda Swint_ _ on
4%
Imelda Staunt_ _ on
4%
Thandiwe Newt_ _ on
4%
Danai Guri_ _ ra
4%
Lyna Khoud_ _ ri
4%
Laura De_ _ rn
4%
Saoirse Ron_ _ an
3%
Gemma Ch_ _ an
3%
Gugu Mbatha-R_ _ aw
3%
Alice Isa_ _ az
3%
Ariane Ascari_ _ de
3%
Hannah John-Kam_ _ en
3%
Jodie Com_ _ er
3%
Hunter Schaf_ _ er
3%
Alba Rohrwach_ _ er
3%
Amy Poehl_ _ er
3%
Alicia Vikand_ _ er
3%
Tina F_ _ ey
3%
Ruth Neg_ _ ga
3%
Paz Ve_ _ ga
3%
Thomasin McKenz_ _ ie
3%
Kristen Wi_ _ ig
3%
Kaya Scodelar_ _ io
3%
Noémie Merla_ _ nt
3%
Taraji P. Hens_ _ on
3%
Maya Rudol_ _ ph
3%
Eye Haïda_ _ ra
3%
Jun Ji-hy_ _ un
3%
Aishwarya R_ _ ai
1%
Lubna Azab_ _ al
1%
Noomi Rapa_ _ ce
1%
Maribel Ver_ _
1%
Idina Menz_ _ el
1%
Lupita Nyon_'_ go
1%
Delphine Seyr_ _ ig
1%
Lea Miche_ _ le
1%
Gong _ _ Li
1%
Awkwafi_ _ na
1%
Bae Doo-_ _ na
1%
Deepika Paduko_ _ ne
1%
Maggie Cheu_ _ ng
1%
Fan Bingbi_ _ ng
1%
Golshifteh Faraha_ _ ni
1%
Valeria Goli_ _ no
1%
Kareena Kapo_ _ or
1%
Zita Hanr_ _ ot
1%
Priyanka Chop_ _ ra
1%
Oulaya Amam_ _ ra
1%
Kim Tae-_ _ ri
1%
Marine Vac_ _ th
1%
Alia Bha_ _ tt
1%
Constance _ _ Wu
1%
Park Shin-h_ _ ye
1%
Zhang Zi_ _ yi
1%
Song Hye-k_ _ yo
1%
Hafsia Her_ _ zi
1%
Aucun quiz correspondant
Distribution des résultats
% des personnes avec chaque résultat
Percentile par nombre de réponses
Votre historique - résultats
Vous n’avez pas pris ce quiz